Five years planning of economic developments in India / (Record no. 42557)

MARC details
000 -LEADER
fixed length control field 00802nam a22002177a 4500
005 - DATE AND TIME OF LATEST TRANSACTION
control field 20100819143348.0
010 ## - LCCN (DPL NO)
LC control number ENG-100955
020 ## - INTERNATIONAL STANDARD BOOK NUMBER
International Standard Book Number 8177354280
Terms of availability 75.00
035 ## - SYSTEM CONTROL NUMBER
System control number EN-84488
037 ## - SOURCE OF ACQUISITION
Source of stock number/acquisition DBAD/PUB
082 ## - DEWEY DECIMAL CLASSIFICATION NUMBER
Classification number 338.9
100 ## - MAIN ENTRY--PERSONAL NAME
Personal name Saravanakumar, M.
245 ## - TITLE STATEMENT
Title Five years planning of economic developments in India /
Statement of responsibility, etc by M. Saravanakumar
260 ## - PUBLICATION, DISTRIBUTION, ETC. (IMPRINT)
Place of publication, distribution, etc Chennai
Name of publisher, distributor, etc Pavai Publications
Date of publication, distribution, etc 2008
270 ## - ADDRESS
Address 142, Jani Jan Khan Road, Royapettah
City Chennai
Postal code 6000014
300 ## - PHYSICAL DESCRIPTION
Extent vi,160p.
Dimensions 21cm (pbk)
500 ## - GENERAL NOTE
General note includes bibliographical references
650 ## - SUBJECT ADDED ENTRY--TOPICAL TERM
Topical term or geographic name as entry element Economic Development
942 ## - ADDED ENTRY ELEMENTS (KOHA)
Source of classification or shelving scheme Dewey Decimal Classification
Item type English Books
Classification part 338.9
Call number suffix SAR
Holdings
Withdrawn status Lost status Not for loan Collection code Home library Current library Date acquired Source of acquisition Cost, normal purchase price Full call number Barcode Copy number Cost, replacement price Koha item type
    Not For Loan Non-fiction D.B.Act.Division D.B.Act.Division 19/08/2010 DBAD/PUB 75.00 338.9 SAR EN-84488 1 75.00 English Books

© Delhi Public Library
Hit Counter
free hit counter